000 00685nam a22002177a 4500
999 _c9598
_d9598
001 9598
003 OSt
005 20180716175716.0
008 180320b1989 bg ||||| |||| 00| 0 ben d
035 _a(BD-JhCC)9598
040 _aBD-JhCC
_dBD-JhCC
041 _aben
082 _a928.00
_bSAY 1989
100 _aসৈয়দ, আবদুল মান্নান
245 _aআবদুল গণি হাজারী :
_b১৯২১-১৯৭৬ /
_cআবদুল মান্নান সৈয়দ
260 _aঢাকা :
_bবাংলা একাডেমী
_c1989.
300 _a133 p. :
_c21 cm.
650 _aBiography
942 _2ddc
_cBK